Tiếng Anh dùng trong Email = English for the Email
Hướng dẫn cách viết thư điện tử bằng tiếng Anh; thư điện tử trang trọng và không trang trọng; thư yêu cầu thông tin; thư yêu cầu hành động; thư trao đổi thông tin; thư sắp xếp và xác nhận các cuộc hẹn...
Đã lưu trong:
| Hovedforfatter: | |
|---|---|
| Format: | Bog |
| Sprog: | Undetermined |
| Udgivet: |
Thành phố Hồ Chí Minh
Nxb. Đại học Sư phạm Thành phố Hồ Chí Minh
2013
|
| Fag: | |
| Tags: |
Tilføj Tag
Ingen Tags, Vær først til at tagge denne postø!
|
| Thư viện lưu trữ: | Trung tâm Học liệu Trường Đại học Cần Thơ |
|---|
| LEADER | 01061nam a2200229Ia 4500 | ||
|---|---|---|---|
| 001 | CTU_188404 | ||
| 008 | 210402s9999 xx 000 0 und d | ||
| 020 | |c 41000 | ||
| 082 | |a 428.24024004 | ||
| 082 | |b Ng527 | ||
| 100 | |a Hoàng, Nguyên | ||
| 245 | 0 | |a Tiếng Anh dùng trong Email = | |
| 245 | 0 | |b English for the Email | |
| 245 | 0 | |c Hoàng Nguyên | |
| 260 | |a Thành phố Hồ Chí Minh | ||
| 260 | |b Nxb. Đại học Sư phạm Thành phố Hồ Chí Minh | ||
| 260 | |c 2013 | ||
| 520 | |a Hướng dẫn cách viết thư điện tử bằng tiếng Anh; thư điện tử trang trọng và không trang trọng; thư yêu cầu thông tin; thư yêu cầu hành động; thư trao đổi thông tin; thư sắp xếp và xác nhận các cuộc hẹn | ||
| 650 | |a English language,Tiếng Anh | ||
| 650 | |x Textbooks for foreign speakers,Sách dành cho người nước ngoài | ||
| 910 | |a Hải | ||
| 980 | |a Trung tâm Học liệu Trường Đại học Cần Thơ | ||